Hướng dẫn làm đồ án môn học thiết kế hệ thống lái của ô tô - máy kéo bánh xe

Gardado en:
Detalles Bibliográficos
Autor Principal: Phạm Minh Thái
Formato: Libro
Idioma:Undetermined
Publicado: Hà Nội Trường Đại học Bách khoa Hà Nội 1991
Những chủ đề:
Các nhãn: Engadir etiqueta
Sen Etiquetas, Sexa o primeiro en etiquetar este rexistro!
Thư viện lưu trữ: Trung tâm Học liệu Trường Đại học Cần Thơ
LEADER 00592nam a2200169Ia 4500
001 CTU_35446
008 210402s9999 xx 000 0 und d
082 |a 629.23 
082 |b Th103 
100 |a Phạm Minh Thái 
245 0 |a Hướng dẫn làm đồ án môn học thiết kế hệ thống lái của ô tô - máy kéo bánh xe 
245 0 |c Phạm Minh Thái 
260 |a Hà Nội 
260 |b Trường Đại học Bách khoa Hà Nội 
260 |c 1991 
650 |a machine parts 
980 |a Trung tâm Học liệu Trường Đại học Cần Thơ